000 00616nam a22002057a 4500
999 _c185569
_d185569
005 20220204113502.0
010 _aENG-131403
020 _a9788195398621
_c6000.00
035 _aEN-114935
037 _bDBAD
082 _a381.41
100 _aSabir, Naved
245 _aGreenhouse Agriculture::
_bProduction and Protection/
_cNaved Sabir, Awani Kumar Singh, Murtaza Hasan
260 _aNew Delhi
_bPentimer Publication
_c2021
270 _bNew Delhi
_e110044
300 _axv, 504p.
_c26cm(hbk)
700 _aSingh, Awani Kumar
700 _aHasan, Murtaza
942 _2ddc
_cEN
_h381.41
_mSAB